| 000 | 00783 a2200181 4500 | ||
|---|---|---|---|
| 999 |
_c4259 _d4259 |
||
| 020 | _a0134437063 | ||
| 050 | 0 | 0 | _aQA76.76ROB 1996 |
| 100 | 1 |
_aRobbins, Kay A. _eauthor |
|
| 245 | 1 | 0 |
_aPractical UNIX programming : _ba guide to concurrency, communication, and multithreading / _cKay A. Robbins and Steven Robbins. |
| 264 |
_aNew jersey: _bPrentice hall., _c1996 |
||
| 300 |
_axiv, 658 p. : _bill. ; |
||
| 500 | _aIncludes bibliographical references (p. 633-639) and index. | ||
| 504 | _aIncludes bibliographical references (p. 633-639) and index. | ||
| 650 | 0 |
_aMicrocomputers _xProgramming. |
|
| 700 | 1 |
_aRobbins, Steven, _d1947- |
|
| 942 |
_2lcc _cBK _h76.76 _iROB _kQA |
||